LEADER 01486nam0 22003493i 450 001 VAN00272785 005 20251009094919.451 017 70$2N$a9789811953675 100 $a20240229d2023 |0itac50 ba 101 $aeng 102 $aSG 105 $a|||| ||||| 181 $ai$b e 182 $ab 183 $acr 200 1 $aSmart Plant Breeding for Vegetable Crops in Post-genomics Era$feditors Saurabh Singh ... [et al.] 210 $aSingapore$cSpringer$d2023 215 $aXIX, 426 p.$cill.$d24 cm 620 $aSG$dSingapore$3VANL000061 676 $a576.5$cGenetica$v22 676 $a660.6$cBiotecnologia. Microbiologia applicata$v22 676 $a630$cAgricoltura e tecnologie connesse$v22 702 1$aSingh$bSaurabh$3VANV224948 712 $aSpringer $3VANV108073$4650 801 $aIT$bSOL$c20251010$gRICA 856 4 $uhttps://link.springer.com/book/10.1007/978-981-19-5367-5$zE-book - Accesso al full-text attraverso riconoscimento IP di Ateneo, proxy e/o Shibboleth 899 $aBIBLIOTECA DEL DIPARTIMENTO DI SCIENZE E TECNOLOGIE AMBIENTALI BIOLOGICHE E FARMACEUTICHE$1IT-CE0101$2VAN17 912 $fN 912 $aVAN00272785 950 $aBIBLIOTECA DEL DIPARTIMENTO DI SCIENZE E TECNOLOGIE AMBIENTALI BIOLOGICHE E FARMACEUTICHE$d17CONS e-book 2309 $e17BIB2309/65 65 20240229 996 $aSmart Plant Breeding for Vegetable Crops in Post-Genomics Era$93362704 997 $aUNICAMPANIA